BX of KKPsi Neighboring Chapters Quiz Stats

 Plays Quiz not verified by Sporcle

Challenge
Share
Tweet
Embed
Score 0/16 Timer 05:00
0 Plays Today
School Chapter % Correct
UVABeta Chi
97%
VTEta Beta
97%
VCUKappa Psi
97%
JMUEta Omicron
95.5%
HowardEta Omega
94%
Georgia TechIota
94%
MarylandGamma Xi
89.6%
Virginia StateZeta Psi
86.6%
School Chapter % Correct
Delaware StateEta Psi
85.1%
Morgan StateEta Gamma
83.6%
TowsonIota Delta
83.6%
Norfolk StateIota Xi
80.6%
ClemsonKappa Beta
79.1%
ShenandoahKappa Epsilon
77.6%
Florida StateGamma Nu
77.6%
Wake ForestKappa Zeta
71.6%

You're not logged in!

Compare scores with friends on all Sporcle quizzes.
OR
Log In

You Might Also Like...

Show Comments

Extras

Created Mar 25, 2011ReportNominate
Tags:chapter, kkpsi, neighboring, school

Top Quizzes Today


Score Distribution

Your Account Isn't Verified!

In order to create a playlist on Sporcle, you need to verify the email address you used during registration. Go to your Sporcle Settings to finish the process.

Report this User

Report this user for behavior that violates our Community Guidelines.

Details: